| 000 | 00525nam a22001697a 4500 | ||
|---|---|---|---|
| 999 |
_c62552 _d62552 |
||
| 005 | 20241205170206.0 | ||
| 008 | 241205s2024 ru ||||| |||| 00| 0 rus d | ||
| 020 | _a9785001951858x | ||
| 041 | _arus | ||
| 080 | _a374.330.1 K-30 | ||
| 100 |
_aКауфман, Д. _923870 |
||
| 245 |
_aСам себе MBA : _bСамообразование на 100%! / _cД. Кауфман. |
||
| 250 | _a11-e издание | ||
| 264 |
_aМосква : _bМИФ, _c2024. |
||
| 300 |
_a454 стр.; _b24 см. |
||
| 942 |
_2udc _cᲬᲘᲒᲜᲘ |
||